| 000 | 00877nas a2200289 4500 | ||
|---|---|---|---|
| 001 | BR0601888 | ||
| 003 | BR-BrBNA | ||
| 005 | 20231205105957.0 | ||
| 007 | ta | ||
| 008 | 230509b bl.|||p| |||| 00| 00por d | ||
| 040 |
_aBR-BrBNA _bpor _cBiblioteca Nacional de Agricultura |
||
| 041 | _a(Pt) | ||
| 072 | _aP34 | ||
| 100 | 1 | _aRadwan, T.El-S.El-D. | |
| 100 | 1 | _aMohamed, Z.K. | |
| 100 | 1 | _aReis, V.M. | |
| 245 | 1 | _aAeração e adição de sais na produção de ácido indol acético por bactérias diazotróficas | |
| 650 | _aBACTÉRIA | ||
| 650 | _aÁCIDO INDOLACÉTICO | ||
| 650 | _aAERAÇÃO | ||
| 650 | _aESTIRPE | ||
| 650 | _aNITROGÊNIO | ||
| 650 | _aSALINIZAÇÃO | ||
| 773 | 0 |
_tPesquisa Agropecuária Brasileira (Brazil) _xISSN 0100-204X _g(Oct 2005), v. 40(10) p. 997-1004 _wBR0601888 |
|
| 909 |
_a202311 _bLúcia _c55 _dLúcia Elande |
||
| 942 |
_2AGRIS _n0 _cANA |
||
| 999 |
_c185650 _d185650 |
||